Briefing (Record no. 79570)

MARC details
000 -LEADER
fixed length control field 00991cab a22002175a 4500
001 - CONTROL NUMBER
control field L141717
008 - FIXED-LENGTH DATA ELEMENTS--GENERAL INFORMATION
fixed length control field 071217s2007 xxk f 000 0 eng d
035 ## - SYSTEM CONTROL NUMBER
System control number (Sirsi) u141717
041 0# - LANGUAGE CODE
Language code of text/sound track or separate title eng
100 1# - MAIN ENTRY--PERSONAL NAME
Personal name Winter, J.
245 00 - TITLE STATEMENT
Title Briefing
Remainder of title the Contracts (Rights of Third Parties) Act 1999
260 ## - PUBLICATION, DISTRIBUTION, ETC.
Date of publication, distribution, etc. 2007
490 ## - SERIES STATEMENT
Series statement Proceedings of the Institution of Civil Engineers
-- Management, Procurement and Law
Volume/sequential designation (160) Winter 2007, 95-96(2)
520 ## - SUMMARY, ETC.
Summary, etc. Explains how the cost and inconvenience of collateral warranties can be avoided by including provisions giving rights to third parties in construction contracts. Outlines how such third party rights are enforceable under the Contracts (Rights of Third Parties) Act 1999.
590 ## - LOCAL NOTE (RLIN)
Local note KA
650 24 - SUBJECT ADDED ENTRY--TOPICAL TERM
Topical term or geographic name entry element CONTRACTS (RIGHTS OF THIRD PARTIES) ACT 1999
651 #4 - SUBJECT ADDED ENTRY--GEOGRAPHIC NAME
Geographic name England and Wales
Chronological subdivision 1543-
651 #4 - SUBJECT ADDED ENTRY--GEOGRAPHIC NAME
Geographic name Northern Ireland
Chronological subdivision 2007-
690 ## - LOCAL SUBJECT ADDED ENTRY--TOPICAL TERM (OCLC, RLIN)
Topical term or geographic name as entry element BUILT ENVIRONMENT-CONSTRUCTION MANAGEMENT-BUILDING CONTRACT ADMINISTRATION
942 ## - ADDED ENTRY ELEMENTS (KOHA)
Suppress in OPAC 0
Holdings
Withdrawn status Lost status Source of classification or shelving scheme Damaged status Not for loan Home library Current library Shelving location Date acquired Total Checkouts Full call number Barcode Date last seen Copy number Price effective from Koha item type
    Dewey Decimal Classification     London London Journal article 17/12/2007   L141717 141717-1001 06/08/2019 1 06/08/2019 Journal article